书目信息 |
| 书名: | Business statistics in practice | |
| 作者: | Bruce L. Bowerman, Richard T. O'Connell ; with MegaStat and other contributions by J. Burdeane Orris. | |
| 分册号: | ||
| 分册名: | 出版地: | Boston : |
|
| 出版社: | McGraw-Hill/Irwin | |
| 出版时间: | c2003. | |
| 页数: | xx, 864 p. : | |
| 开本: | 29 cm. + | |
| 丛书名: | ||
| 中图分类号: | ||
| 科图分类号: | ||
| 其他分类号: | F712.3 | |
| 主题词: | ||
| 电子资源: | ||
| 000 | 01854cam a2200577 a 4500 | |
| 001 | E0737867343 | |
| 003 | CAL | |
| 005 | 20070707103148.53 | |
| 008 | 020912s2003 maua b 001 0 eng | |
| 010 | @a2002112963 | |
| 020 | @a0072470844 (instructor's ed.). | |
| 020 | @a0071151427 (international ed.). | |
| 020 | @a0072942444 (student CD-ROM). | |
| 020 | @a0072470267 (student ed.). | |
| 040 | @aDLC@cDLC@dMIA | |
| 050 | 00 | @aHF1017@b.B6545 2003 |
| 090 | @aF712.3 | |
| 093 | @aF712.3@24 | |
| 099 | @dF712.3@ex83=3 | |
| 100 | 1 | @aBowerman, Bruce L. |
| 245 | 10 | @aBusiness statistics in practice / @cBruce L. Bowerman, Richard T. O'Connell ; with MegaStat and other contributions by J. Burdeane Orris. |
| 250 | @a3rd ed. | |
| 260 | @aBoston :@bMcGraw-Hill/Irwin,@cc2003. | |
| 300 | @axx, 864 p. :@bill. (some col.) ;@c29 cm. +@e1 CD-ROM (4 3/4 in.). | |
| 490 | 1 | @aThe McGraw-Hill/Irwin series: operations and decision sciences |
| 504 | @aIncludes bibliographical references (p. 855-856) and index. | |
| 538 | @aSystem requirements for accompanying CD-ROM: PC: Pentium base processor, Windows 98/2000. Internet Explorer 5.5 as default browser. | |
| 650 | 0 | @aCommercial statistics. |
| 650 | 0 | @aStatistics. |
| 700 | 1 | @aO'Connell, Richard T. |
| 700 | 1 | @aOrris, J. B. |
| 830 | 0 | @aIrwin/McGraw-Hill series in operations and decision sciences. |
| 920 | @a245010@z2 | |
| 920 | @a212010@z1 | |
| 920 | @a244290@z1 | |
| 920 | @a242030@z2 | |
| 920 | @a232090@z2 | |
| 920 | @a251050@z1 | |
| 920 | @a242010@z2 | |
| 920 | @a242120@z1 | |
| 920 | @a235010@z2 | |
| 920 | @a251430@z2 | |
| 920 | @a221020@z1 | |
| 920 | @aF44010@z2 | |
| 920 | @a242170@z2 | |
| 920 | @a221120@z1 | |
| 920 | @a211020@z1 | |
| 920 | @a211060@z2 | |
| 920 | @a211030@z2 | |
| 920 | @a231220@z2 | |
| 998 | @aNKL | |
| Business statistics in practice / / Bruce L. Bowerman, Richard T. O'Connell ; with MegaStat and other contributions by J. Burdeane Orris.-3rd ed.-Boston : : McGraw-Hill/Irwin, , c2003. |
| xx, 864 p. : : ill. (some col.) ; ; 29 cm. + + 1 CD-ROM (4 3/4 in.).- (The McGraw-Hill/Irwin series: operations and decision sciences) |
| Includes bibliographical references (p. 855-856) and index.-System requirements for accompanying CD-ROM: PC: Pentium base processor, Windows 98/2000. Internet Explorer 5.5 as default browser. |
| ISBN 0072470844 (instructor's ed.). |
| ● |
| 相关链接 |
|
|
|
|
正题名:Business statistics in practice
索取号:F712.3/x83=3
 
预约/预借
| 序号 | 登录号 | 条形码 | 馆藏地/架位号 | 状态 | 备注 |
| 1 | 0010973 | 300109736 | 第二样本阅览室/ [索取号:F712.3/x83=3] | 在馆 | |
| 2 | 0010974 | 300109745 | 第四借阅区/ [索取号:F712.3/x83=3] | 在馆 | |
| 3 | 0010975 | 300109754 | 第四借阅区/ [索取号:F712.3/x83=3] | 在馆 | |
| 4 | 0010976 | 300109763 | 第四借阅区/ [索取号:F712.3/x83=3] | 在馆 |